Collecting Contemporary : über das Sammeln von ideellen und monetären Werten; [Rezension]

Gespeichert in:
Bibliographische Detailangaben
Veröffentlicht in:Kritische Berichte 34(2006), 4, Seite 85-[88]
VerfasserIn: Berger, Doris (VerfasserIn)
Dokumenttyp: Online-Ressource Aufsatz
Sprache:German
Veröffentlicht: 2006
Schlagwörter:
Online Zugang:kostenfrei
kostenfrei
Bibliogr. Hinweis:In: Kritische Berichte
Rezension von: Collecting contemporary
Rezension von: Collectionner l'art contemporain
Verantwortlich:Doris Berger
LEADER 02642caa a2200529 c 4500
001 1465201254
003 DE-627
005 20260410105748.0
007 cr cn 008aaaaa
008 131104s2006 xx |||||oo 00| ||ger c
024 7 |a urn:nbn:de:bsz:16-kb-99203  |2 urn 
024 7 |a 10.11588/kb.2006.4.9920  |2 doi 
035 |a (DE-627)1465201254 
035 |a (DE-576)39520125X 
035 |a (DE-599)BSZ39520125X 
035 |a (OCoLC)1263327471 
040 |a DE-627  |b ger  |c DE-627  |e rakwb 
041 |a ger 
084 |a 9,10  |2 ssgn 
100 1 |a Berger, Doris  |d 1972-  |0 (DE-588)136299709  |0 (DE-627)578484137  |0 (DE-576)300949251  |4 aut 
245 1 0 |a Collecting Contemporary  |b über das Sammeln von ideellen und monetären Werten; [Rezension]  |c Doris Berger 
264 1 |c 2006 
336 |a Text  |b txt  |2 rdacontent 
337 |a Computermedien  |b c  |2 rdamedia 
338 |a Online-Ressource  |b cr  |2 rdacarrier 
533 |a Online-Ausg.  |b Heidelberg  |c Univ.-Bibl.  |d 2013  |e Online-Ressource  |7 |2013|||||||||| 
583 1 |a Archivierung/Langzeitarchivierung gewährleistet  |x XA-DE-BW  |2 pdager  |5 DE-16 
655 7 |a Rezension  |0 (DE-588)4049712-4  |0 (DE-627)106186019  |0 (DE-576)209083166  |2 gnd-content 
689 0 0 |d s  |0 (DE-588)4120630-7  |0 (DE-627)105775134  |0 (DE-576)20953673X  |a Kunstmarkt  |2 gnd 
689 0 1 |d s  |0 (DE-588)4166042-0  |0 (DE-627)105435732  |0 (DE-576)209899549  |a Kunstsammler  |2 gnd 
689 0 2 |a z  |2 gnd  |a Geschichte 2000-2006 
689 0 |5 (DE-627) 
773 0 8 |i In  |t Kritische Berichte  |d Heidelberg : arthistoricum.net, 1973  |g 34(2006), 4, Seite 85-[88]  |h Online-Ressource  |w (DE-627)751049069  |w (DE-600)2722286-X  |w (DE-576)385942125  |x 2197-7410  |7 nnas 
773 1 8 |g volume:34  |g year:2006  |g number:4  |g pages:85-[88] 
787 0 8 |i Rezension von  |a Lindemann, Adam  |t Collecting contemporary  |d Hong Kong : Taschen, 2006  |h 299 S  |w (DE-627)50039654X  |w (DE-576)254697461  |z 3822849383  |z 9783822849385 
787 0 8 |i Rezension von  |t Collectionner l'art contemporain  |d Hongkong : Taschen, 2006  |h 298 S.  |w (DE-627)1603105557  |w (DE-576)260410969  |z 9783822849408  |z 3822849405 
856 4 0 |u http://nbn-resolving.de/urn:nbn:de:bsz:16-kb-99203  |x Verlag  |x Resolving-System  |z kostenfrei  |3 Volltext  |7 0 
856 4 0 |u http://dx.doi.org/10.11588/kb.2006.4.9920  |x Verlag  |x Resolving-System  |z kostenfrei  |3 Volltext  |7 0 
935 |h SWB  |i ld 
951 |a AR 
994 |u https://ahnp.ub.uni-heidelberg.de/journals/kb/article/view/9920 
994 |u https://ahnp.ub.uni-heidelberg.de/journals/kb/article/view/9920/3785 
990 |a Kunstmarkt 
990 |a Kunstsammler 
990 |a Geschichte 2000-2006 
991 |a Rezension (Monographie, Zeitschrift, Aufsatz) 
999 |a KXP-PPN1465201254  |e 4020461341